| 000 | 00503nam a2200193Ia 4500 | ||
|---|---|---|---|
| 005 | 20250326141711.0 | ||
| 008 | 250326s9999 xx 000 0 und d | ||
| 037 | _aTextbook | ||
| 040 |
_aFMSL _beng _cFMSL |
||
| 041 |
_aeng _2eng |
||
| 084 | _qFMSL | ||
| 100 | _aRodriguez R M | ||
| 245 | 0 |
_aInternational ficial management _cRodriguez R M; Carter E E |
|
| 250 | _a3rd | ||
| 260 |
_aEnglewood _bEnglewood, Prentice-hall _c1984 |
||
| 300 | _a654p | ||
| 942 | _cTB | ||
| 999 |
_c1291555 _d1291555 |
||